| 000 | 01055nac a22002651u 4500 | ||
|---|---|---|---|
| 010 | _a 87016860 | ||
| 020 | _a0070108102 : | ||
| 082 | 0 | 0 |
_a627 _bCHO |
| 090 |
_c7972 _d7972 |
||
| 100 | _aChow, Ven Te, | ||
| 245 | 1 | 0 |
_aApplied hydrology / _cVen Te Chow, David R. Maidment, Larry W. Mays. |
| 260 |
_aNew York : _bMcGraw-Hill,1988 _cc1988. |
||
| 300 |
_axiii, 572 p. : _bill. ; _c26 cm. |
||
| 440 | 0 | _aMcGraw-Hill series in water resources and environmental engineering | |
| 500 | _adistributer: Al-ahram | ||
| 504 | _aIncludes bibliographies and indexes. | ||
| 511 | _acatalogued by: wessam | ||
| 650 | 0 | _aHydrology. | |
| 700 | 1 | _aMaidment, David R. | |
| 700 | 1 | _aMays, Larry W. | |
| 856 | 4 | 2 |
_3Publisher description _uhttp://www.loc.gov/catdir/description/mh022/87016860.html |
| 856 | 4 | 2 |
_3Table of contents _uhttp://www.loc.gov/catdir/toc/mh021/87016860.html |
| 856 | 4 | 2 |
_3Contributor biographical information _uhttp://www.loc.gov/catdir/enhancements/fy0737/87016860-b.html |
| 942 |
_cNB _k627CHO |
||
| 999 |
_c7972 _d7972 |
||